000 01442cam a22003251i 4500
003 SA-RiAUC
005 20250105073651.0
008 250105s2010 le g b 000 0 ara c
020 _a9789953814308
040 _aSA-MaMIU
_bara
_cSA-RiAUC
_erda
082 0 4 _a258.2
_qSA-RiAUC
090 _a258.2
_bا ب ن ب
100 1 _aابن بزيزة، عبد العزيز بن إبراهيم بن أحمد،
_d606-662 هجري
_eمؤلف.
245 1 0 _aروضة المستبين في شرح كتاب التلقين /
_cأبو محمد عبد العزيز بن إبراهيم بن أحمد القرشي بن بزيزة التونسي، تحقيق عبد اللطيف زكاغ.
250 _aالطبعة الأولى.
264 1 _aبيروت :
_bدار ابن حزم،
_c2010
300 _a2 مجلد ؛
_c24 سم
336 _aنص
_btxt
_2rdacontent
_3كتاب
337 _aبدون وسيط
_bn
_2rdamedia
338 _aمجلد
_bnc
_2rdacarrier
504 _aيشتمل على إرجاعات ببليوجرافية.
650 7 _aالفقه المالكي
_2aucsh
650 7 _aالفقه الإسلامي
_xمذاهب
_2aucsh
700 1 2 _aالقاضي عبد الوهاب، عبد الوهاب بن علي بن نصر،
_d362-422 هجري
700 1 _aزكاغ، عبد اللطيف
_eمحقق.
740 0 2 _aكتاب التلقين.
740 2 2 _aالتلقين.
942 _2ddc
_cBOOK
949 _aSA-JeALM
_d250105
_ukhaled123
_n1
999 _c4453
_d4453